| 000 | 00630nam a2200193 a 4500 | ||
|---|---|---|---|
| 005 | 20140310183248.0 | ||
| 008 | 040913s19uu xx 00 eng d | ||
| 020 | _a971-828-024-3 | ||
| 050 |
_aPL 5539 _b.Sl25 2003 |
||
| 245 |
_aSleepless in Manila : _bfunny essays, etc. on insomia by insomiacs / |
||
| 260 |
_aQuezon City : _bMilflores Publishing, Inc, _c2003. |
||
| 300 |
_a134 p. : _bill. ; _c22 cm. |
||
| 650 |
_aInsomia _xliterary collections. |
||
| 650 |
_aNight _xliterary collections. |
||
| 650 |
_aSleep _xliterary collections. |
||
| 650 |
_aProse literature _x20th century. |
||
| 942 |
_cBK _2lcc _kFLIR |
||
| 999 |
_c20724 _d20724 |
||